000 00432nam a2200097Ia 4500
008 180130s9999 xx 000 0 und d
245 _cKarapistoli, Eirini; Economides, Anastasios A.
_aADLU: a novel anomaly detection and location-attribution algorithm for UWB wireless sensor networks
260 _c2016
300 _aBook title: Handbook of information security--Acession number C20533; pages 173-184
650 _aINFORMATION SECURITY
999 _c354099
_d354099